=LDR 00000nam 2200000 4500 =001 INLIS000000000025434 =005 20130612123937 =008 ***********************************Ind** =035 ##$$0010-061300000025434 =041 ##$$a Ind =082 ##$$a 028.5 =090 ##$$a 028.5, Uta g =100 ##$$a Utami, Deniza Saqina =245 ##$$a Gajah =250 ##$$a Seri binatang yang disebut dalam alquran =260 ##$$a 2006 $b Bandung =300 ##$$a 30 hlm, ilus, 28 cm =650 ##$$a Bacaan anak-anak =850 ##$$a NBPNMAT